States! - Statistics

General Stats
  • This quiz has been taken 4 times
  • The average score is 40 of 50
Answer Stats
Answer % Correct
Alabama
100%
Arizona
100%
Connecticut
100%
Georgia
100%
Illinois
100%
Iowa
100%
Minnesota
100%
New Hampshire
100%
New York
100%
North Carolina
100%
Oklahoma
100%
Rhode Island
100%
South Carolina
100%
South Dakota
100%
Vermont
100%
Wisconsin
100%
Wyoming
100%
Alaska
75%
Arkansas
75%
California
75%
Colorado
75%
Delaware
75%
Florida
75%
Hawaii
75%
Idaho
75%
Indiana
75%
Kansas
75%
Kentucky
75%
Louisiana
75%
Maine
75%
Michigan
75%
Mississippi
75%
Montana
75%
Nevada
75%
New Jersey
75%
New Mexico
75%
North Dakota
75%
Ohio
75%
Oregon
75%
Tennessee
75%
Texas
75%
Utah
75%
Virginia
75%
Washington
75%
Maryland
50%
Massachusetts
50%
Missouri
50%
Nebraska
50%
Pennsylvania
50%
West Virginia
50%
No matching quizzes found
Score Distribution
Percent of People with Each Score
Percentile by Number Answered
Your Score History
You have not taken this quiz